000 00349nam a22001457a 4500
003 OSt
005 20260204092505.0
008 260204b |||||||| |||| 00| 0 eng d
020 _a0385194145
040 _cAN OMNI PRESS BOOK
050 _aPIUDLMUR930
245 _aROBOTICS
_cMINSKY, MARVIN
260 _aUSA
_bANCHOR PRESS
_c1985
942 _2ddc
_cBK
_n0
999 _c9933
_d9933